000 00442nam a2200181Ia 4500
005 20250423100939.0
008 250422s9999 xx 000 0 und d
020 _a9780759344
050 _aHM 19 .A43/
100 _aAlanana, O. Otaki
245 0 _aSociology of development : an introduction
260 _aKuduna
260 _bJoyce Graphic Printers & Publishers
260 _c2006
300 _a93 p
650 _aNWLR
942 _cBK
999 _c34829
_d34829